00427nam a2200169Ia 4500003000400000005001700004008004100021020001800062040000700080041000800087082002300095100002500118245004700143260004200190300001700232365000800249OSt20230511094302.0210423s2011 xx 000 0 und d a9780199582181 cAL aeng a574.15118 BERH223 aBERG (Hugo Van Den). aMathematical models of biological systems. aOxfordbOxford University Pressc2011 axiii,236bPB cINR